000 00706nam a2200289Ia 4500
005 20260324121659.0
008 008 260324s9999 xx 000 0 eng d
020 _a9780203115640
037 _aEBOOK
040 _aCRL
040 _beng
040 _cCRL
041 _2eng
041 _aeng
084 _qCRL
100 _aJianxiong Ma
_91163448
245 4 _aThe Lahu Minority in Southwest China
245 2 _bA Response to Ethnic Marginalization on the Frontier
260 _bTaylor and Francis
260 _c2013
365 _a
365 _b240
856 _uhttp://www.taylorfrancis.com/books/9780203115640
942 _cEBOOK
999 _c1755713
_d1755713